Chráni a tvorí významný nástroj predaja

Ochranné známky, história, medzinárodné dohody. Druhy a ich použitie. Obchodná značka v anglosaských krajinách (TM), ochranná známka v kontinentálnej Európe (R). Dovážané výrobky a ochranné známky.

Na minha lista:
Detalhes bibliográficos
Autor principal: Blaško, Rastislav
Formato: Capítulo de Livro
Idioma:eslovaco
Assuntos:
Tags: Adicionar Tag
Sem tags, seja o primeiro a adicionar uma tag!

MARC

LEADER 00000naa a2200000 4500
001 0167899
005 20231109070710.3
041 0 |a slo 
044 |a SK 
245 1 0 |a Chráni a tvorí významný nástroj predaja  |c Rastislav Blaško 
520 |a Ochranné známky, história, medzinárodné dohody. Druhy a ich použitie. Obchodná značka v anglosaských krajinách (TM), ochranná známka v kontinentálnej Európe (R). Dovážané výrobky a ochranné známky. 
610 2 0 |a známky ochranné 
610 2 0 |a právo značkové 
100 1 |a Blaško, Rastislav